[Event "Madurai Athens of the East op-B 1st"]
[Site "Madurai"]
[Date "2019.08.11"]
[Round "4"]
[White "Sushrutha, Reddy"]
[Black "Phani, Kanuri"]
[Result "0-1"]
[WhiteElo "1651"]
[BlackElo "1471"]
[PlyCount "70"]
[EventDate "2019.08.10"]
[EventType "swiss"]
[EventRounds "10"]
[EventCountry "IND"]
[SourceTitle "EXT 2022"]
[Source "ChessBase"]
[SourceDate "2021.10.06"]
[SourceVersion "1"]
[SourceVersionDate "2021.10.06"]
[SourceQuality "1"]

1. e4 c6 2. d4 d5 3. e5 Bf5 4. g4 Be4 5. f3 Bg6 6. h4 h5 7. Bd3 Bxd3 8. Qxd3 e6 9. g5 g6 10. Nd2 Ne7 11. Nf1 Nd7 12. Ng3 c5 13. c3 Nc6 14. a3 Qb6 15. N1e2 Rc8 16. b4 cxd4 17. cxd4 Bxb4+ 18. axb4 Nxb4 19. Qb1 Nc2+ 20. Kf1 Nxa1 21. Qxa1 0-0 22. Kg2 Rc4 23. Ba3 Rfc8 24. Rc1 Qb3 25. Rxc4 Rxc4 26. Bd6 a6 27. Qa5 Rc8 28. Qd2 Kg7 29. Be7 Rc2 30. Qa5 Qb6 31. Bf6+ Kg8 32. Qa3 Qb2 33. Qd3 Nb6 34. Kf2 Nc4 35. Be7 Rd2 0-1

[Event "World Amateur-ch U1700"]
[Site "Cagliari"]
[Date "2018.04.28"]
[Round "8"]
[White "Sushrutha, Reddy"]
[Black "Sutbas, Batuhan"]
[Result "1/2-1/2"]
[WhiteElo "1583"]
[BlackElo "1675"]
[PlyCount "190"]
[EventDate "2018.04.22"]
[EventType "swiss"]
[EventRounds "9"]
[EventCountry "ITA"]
[SourceTitle "CBM 184 Extra"]
[Source "ChessBase"]
[SourceDate "2018.06.28"]
[SourceVersion "1"]
[SourceVersionDate "2018.06.28"]
[SourceQuality "1"]

1. e4 e5 2. Nf3 Nc6 3. Bb5 a6 4. Ba4 Nf6 5. 0-0 b5 6. Bb3 Be7 7. Re1 0-0 8. h3 Bb7 9. d3 d6 10. Nc3 Na5 11. Ne2 Nxb3 12. axb3 c5 13. Ng3 Re8 14. Nf5 Bf8 15. c4 h6 16. g4 Nh7 17. Kh2 g5 18. Bd2 Bg7 19. Rg1 Nf8 20. h4 f6 21. Qf1 Kf7 22. Qh3 Ng6 23. Kg3 Rh8 24. Kg2 Bf8 25. Kf1 Be7 26. Rh1 b4 27. Ke2 Ke6 28. Be3 Kd7 29. Kd2 Kc7 30. Ra5 Qd7 31. Rha1 Bd8 32. Kc2 Kb8 33. R5a4 a5 34. Qg3 Bc6 35. R4a2 Kb7 36. Bd2 Bc7 37. Ne1 Ne7 38. Ne3 Rag8 39. h5 Ra8 40. Nd5 Bxd5 41. cxd5 Qe8 42. Qf3 Qf7 43. Ng2 Ra6 44. Ne3 Rha8 45. Nc4 Qf8 46. Be3 Qg7 47. Ra4 Qf8 48. Rh1 Qg7 49. Qe2 Qf8 50. Rh3 Ng8 51. Rf3 Ne7 52. Kd1 Qg7 53. Ke1 Qf8 54. Qc2 Ng8 55. Kf1 Qc8 56. Rg3 Qd7 57. Kg2 Rf8 58. Kh3 Ne7 59. Rg1 Rfa8 60. Kg3 Ng8 61. Rc1 Ne7 62. Nd2 Bb6 63. Qc4 Rc8 64. Raa1 Rca8 65. Qc2 Rc8 66. Nc4 Bc7 67. Ra4 Qd8 68. Rca1 Rca8 69. Qd1 Qf8 70. Bd2 Qd8 71. Qf3 Qf8 72. Ne3 Qg7 73. Nf5 Qf8 74. Rc1 Ng8 75. Rc4 Bb6 76. Ra1 Bc7 77. Rac1 Bb6 78. Kh3 Bd8 79. d4 exd4 80. Qd3 Ne7 81. Ng3 Bb6 82. R4c2 Qe8 83. f4 Qd7 84. Qf3 a4 85. bxa4 Rxa4 86. e5 dxe5 87. b3 Ra2 88. d6+ Qc6 89. Ne4 Rxc2 90. Rxc2 Nd5 91. fxe5 fxe5 92. Qf7+ Nc7 93. Qh7 Rh8 94. Qxh8 Qxe4 95. dxc7 Qf3+ 1/2-1/2

[Event "World Amateur-ch U1700"]
[Site "Cagliari"]
[Date "2018.04.24"]
[Round "4"]
[White "Sushrutha, Reddy"]
[Black "Markevichus, Yaraslau"]
[Result "1-0"]
[WhiteElo "1583"]
[BlackElo "1334"]
[PlyCount "47"]
[EventDate "2018.04.22"]
[EventType "swiss"]
[EventRounds "9"]
[EventCountry "ITA"]
[SourceTitle "CBM 184 Extra"]
[Source "ChessBase"]
[SourceDate "2018.06.28"]
[SourceVersion "1"]
[SourceVersionDate "2018.06.28"]
[SourceQuality "1"]

1. e4 c5 2. Nf3 e6 3. c3 Nf6 4. Bd3 Nc6 5. Bc2 Be7 6. 0-0 0-0 7. Re1 Qc7 8. d4 cxd4 9. cxd4 b6 10. Nc3 Bb7 11. Nb5 Qb8 12. d5 Nb4 13. d6 Bxd6 14. Nxd6 Nxc2 15. Qxc2 Qxd6 16. e5 Qb4 17. Bd2 Qe7 18. Bg5 h6 19. exf6 gxf6 20. Bxh6 Rfc8 21. Qd3 f5 22. Ne5 d6 23. Qg3+ Kh7 24. Qg7# 1-0

[Event "World Amateur-ch U1700"]
[Site "Cagliari"]
[Date "2018.04.22"]
[Round "1"]
[White "Al Mutlaq, Ibrahim A"]
[Black "Sushrutha, Reddy"]
[Result "1-0"]
[WhiteElo "1151"]
[BlackElo "1583"]
[PlyCount "83"]
[EventDate "2018.04.22"]
[EventType "swiss"]
[EventRounds "9"]
[EventCountry "ITA"]
[SourceTitle "CBM 184 Extra"]
[Source "ChessBase"]
[SourceDate "2018.06.28"]
[SourceVersion "1"]
[SourceVersionDate "2018.06.28"]
[SourceQuality "1"]

1. e4 c5 2. Nf3 d6 3. d4 cxd4 4. Nxd4 Nf6 5. Nc3 g6 6. Be3 Bg7 7. Be2 0-0 8. Qd2 Nc6 9. Nxc6 bxc6 10. Bh6 Rb8 11. Bxg7 Kxg7 12. Rb1 Be6 13. 0-0 Qa5 14. b3 Rfd8 15. Rbd1 d5 16. exd5 Nxd5 17. Nxd5 Qxd2 18. Rxd2 Rxd5 19. Rxd5 cxd5 20. Rd1 Rc8 21. Bd3 Rc3 22. Kf1 Bc8 23. Ke1 e5 24. Kd2 Rc7 25. f3 f5 26. c4 e4 27. fxe4 dxe4 28. Bf1 Rd7+ 29. Ke1 f4 30. Rxd7+ Bxd7 31. b4 Kf6 32. b5 Ke5 33. Kd2 Kd4 34. a4 g5 35. a5 g4 36. Ke1 h5 37. h3 e3 38. hxg4 hxg4 39. Be2 Ke4 40. b6 axb6 41. axb6 Ke5 42. b7 1-0

[Event "Hanoi HD Bank op-B 8th"]
[Site "Hanoi"]
[Date "2018.03.10"]
[Round "2"]
[White "Nguyen, Quang Trung"]
[Black "Sushrutha, Reddy"]
[Result "1-0"]
[WhiteElo "1785"]
[BlackElo "1585"]
[PlyCount "69"]
[EventDate "2018.03.10"]
[EventType "swiss"]
[EventRounds "9"]
[EventCountry "VIE"]
[SourceTitle "CBM 183 Extra"]
[Source "ChessBase"]
[SourceDate "2018.04.19"]
[SourceVersion "1"]
[SourceVersionDate "2018.04.19"]
[SourceQuality "1"]

1. Nf3 d5 2. d4 Nf6 3. c4 e6 4. Nc3 Be7 5. e3 0-0 6. b3 b6 7. Bd3 Bb7 8. 0-0 Nbd7 9. Bb2 Ne4 10. Qc2 f5 11. Ne2 Rf6 12. Ne5 Nxe5 13. dxe5 Rh6 14. cxd5 Bxd5 15. Rad1 Qc8 16. f3 Nc5 17. Bxf5 Bxb3 18. Bxh7+ Rxh7 19. axb3 a5 20. f4 Qe8 21. Rf3 Rd8 22. Nd4 Bf8 23. Rdf1 Rh6 24. Rg3 Qh5 25. h3 Be7 26. f5 Bh4 27. Rg4 Bg5 28. Rf3 exf5 29. Nxf5 Re6 30. Rfg3 Bh6 31. Nxg7 Bxg7 32. Rxg7+ Kh8 33. Bd4 Na6 34. R7g5 Qf7 35. Qe2 1-0

[Event "Hanoi HD Bank op-B 8th"]
[Site "Hanoi"]
[Date "2018.03.10"]
[Round "1"]
[White "Sushrutha, Reddy"]
[Black "Vu, Phi Hung"]
[Result "0-1"]
[WhiteElo "1585"]
[BlackElo "2013"]
[PlyCount "118"]
[EventDate "2018.03.10"]
[EventType "swiss"]
[EventRounds "9"]
[EventCountry "VIE"]
[SourceTitle "CBM 183 Extra"]
[Source "ChessBase"]
[SourceDate "2018.04.19"]
[SourceVersion "1"]
[SourceVersionDate "2018.04.19"]
[SourceQuality "1"]

1. e4 c5 2. Nf3 d6 3. c3 Nf6 4. Bd3 g6 5. Bc2 Bg7 6. d4 cxd4 7. cxd4 0-0 8. 0-0 Nc6 9. Nc3 Bg4 10. Be3 a6 11. Rc1 Rc8 12. Re1 Nd7 13. Bb3 Bxf3 14. gxf3 Na5 15. f4 b5 16. Kh1 Nb6 17. Rg1 Nbc4 18. Bxc4 Nxc4 19. f5 Nxb2 20. Qe2 Nc4 21. Qg4 Qe8 22. h4 e6 23. fxg6 fxg6 24. h5 Nxe3 25. fxe3 b4 26. hxg6 hxg6 27. Ne2 Rxc1 28. Rxc1 Qf7 29. Nf4 e5 30. Ne6 Qf3+ 31. Qg2 Qh5+ 32. Kg1 Bh6 33. Nxf8 Bxe3+ 34. Kf1 Bxc1 35. Nxg6 Qd1+ 36. Kf2 Qxd4+ 37. Kg3 Qe3+ 38. Kh2 Qg5 39. Ne7+ Kf7 40. Qxg5 Bxg5 41. Nc6 Bd2 42. Kg3 Ke6 43. Kf3 Bc3 44. Ke3 d5 45. Na5 Kd6 46. Kd3 dxe4+ 47. Kxe4 Kc5 48. Kd3 Kb5 49. Nb3 a5 50. Nc1 a4 51. Ne2 Ba1 52. Nc1 Bb2 53. Ne2 b3 54. axb3 axb3 55. Ng3 Bd4 56. Ne4 Kb4 57. Kd2 Ka3 58. Kc1 Ka2 59. Nd2 Be3 0-1

[Event "Ravana op"]
[Site "Ravana"]
[Date "2009.09.13"]
[Round "1"]
[White "Toufighi, Homayoon"]
[Black "Sushrutha, Reddy"]
[Result "1-0"]
[WhiteElo "2480"]
[BlackElo "1852"]
[PlyCount "59"]
[EventDate "2009.09.13"]
[EventType "swiss"]
[EventRounds "10"]
[EventCountry "SRI"]
[SourceTitle "EXT 2010"]
[Source "ChessBase"]
[SourceDate "2010.11.25"]
[SourceVersion "1"]
[SourceVersionDate "2010.11.25"]
[SourceQuality "1"]

1. e4 c5 2. Nf3 d6 3. Bb5+ Nc6 4. 0-0 Bg4 5. h3 Bxf3 6. Qxf3 a6 7. Bxc6+ bxc6 8. Nc3 e5 9. d3 g6 10. Qg3 Nf6 11. f4 Nh5 12. Qf3 exf4 13. Ne2 Bg7 14. g4 Nf6 15. Bxf4 Qd7 16. Bg5 Ng8 17. Bd2 Be5 18. c3 h5 19. g5 Rh7 20. d4 cxd4 21. cxd4 Bh8 22. Bc3 Ne7 23. Nf4 Kf8 24. Rae1 Kg8 25. Kh2 Rf8 26. Qd3 Qb7 27. e5 dxe5 28. dxe5 Nd5 29. Nxg6 fxg6 30. Qxg6+ 1-0